| 000 | 01370nam a2200229 a 4500 | ||
|---|---|---|---|
| 008 | 120416s1998 ||||||||||||||||| || u | ||
| 020 | _a8120315855 | ||
| 050 | _aHG 4011 Van | ||
| 100 | _aVan Horne, James C | ||
| 245 | 1 | 0 | _aFundamentals of financial management (10th Ed.) |
| 246 | _aJ. C. Van Hone | ||
| 250 | _a10th ed. | ||
| 260 |
_aNew Delhi _bPrentice-Hall of India _c1998 |
||
| 350 | _a0.00 | ||
| 500 | _a10 copies in SB Department | ||
| 995 |
_aTEXTBOOKS (SB) _D0.00 _e01045 _FCBU-SCHOOL TEXTBOOK COLLECTIONS _H1 _I0.00 _jSCHOOL TEXTBOOK _M2 _UAVAILABLE _WSep 21, 2009 _y01045 _ZSchool Collections |
||
| 995 |
_aTEXTBOOKS (SB) _D0.00 _e01047 _FCBU-SCHOOL TEXTBOOK COLLECTIONS _H1 _I0.00 _jSCHOOL TEXTBOOK _M4 _UAVAILABLE _WSep 21, 2009 _y01047 _ZSchool Collections |
||
| 995 |
_aTEXTBOOKS (SB) _D0.00 _e01048 _FCBU-SCHOOL TEXTBOOK COLLECTIONS _H1 _I0.00 _jSCHOOL TEXTBOOK _M5 _UAVAILABLE _WSep 21, 2009 _y01048 _ZSchool Collections |
||
| 995 |
_aSHORT LOAN BOOKS _D0.00 _e733605 _FCBU-MAIN LIBRARY (Kitwe) _H1 _I2700.00 _jHG 4011 Van _M1 _UAVAILABLE _y45563 _ZShort Loan Collection |
||
| 995 |
_aTEXTBOOKS (SB) _D0.00 _e01046 _FCBU-SCHOOL TEXTBOOK COLLECTIONS _H1 _I0.00 _jSCHOOL TEXTBOOK _M3 _UAVAILABLE _WSep 21, 2009 _y01046 _ZSchool Collections |
||
| 995 |
_aTEXTBOOKS (SB) _D0.00 _e01049 _FCBU-SCHOOL TEXTBOOK COLLECTIONS _H1 _I0.00 _jSCHOOL TEXTBOOK _M6 _UAVAILABLE _WSep 21, 2009 _y01049 _ZSchool Collections |
||
| 999 |
_c63352 _d63352 |
||